Benin Trivia Quiz - Statistieken

Algemene statistieken
  • Deze quiz is 282 keer genomen
  • De gemiddelde score is 8 van 15
Antwoordstatistieken
Hint Antwoord % Correct
Officiële taal Frans
91%
Land grenzend aan Benin in het westen Togo
88%
Officiële hoofdstad van Benin Porto-Novo
76%
Ideologie van de regering van Benin in de periode 1975-1990 {Commun}isme
74%
Golf waar het bovenstaande deel van uitmaak Golf van {Guinee}
68%
Valuta van Benin en zeven andere landen CFA-frank
67%
Land waar je "Benin City" kan vinden Nigeria
66%
Grootste stad waar ook de regering zit Cotonou
58%
Waterlichaam waar Benin aan ligt Baai van {Benin}
53%
Religie beoefend door 17,3% van de inwoners van Benin, een hoger percentage dan elk ander land Voodoo
49%
Een andere voormalige naam voor het gebied rond Benin {Slaven}kust
40%
Voormalige naam van Benin Dahomey
32%
Meest gesproken moedertalen Yoruba
31%
Beninees-Amerikaanse acteur die speelde in 'Blood Diamond' en 'Gladiator' Djimon Hounsou
22%
Meest gesproken moedertalen Fon
21%
Geen overeenkomende quizzen gevonden
Scoreverdeling
Procent van Mensen met Elke Score
Percentiel versus Aantal Correcte Antwoorden
Uw Scoregeschiedenis
U heeft deze quiz nog niet genomen